Statistics for all modern day and former people republics

Click here to take the quiz!

General Stats

  • This quiz has been taken 22 times
  • The average score is 10 of 19

Answer Stats

HintAnswer% Correct
china
95%
north korea
84%
formeralbania
68%
romania
68%
yugoslavia
68%
bulgaria
63%
hungary
58%
laos
58%
poland
58%
angola
53%
mongolia
53%
mozambique
47%
republic of congo
47%
benin
42%
ethiopia
42%
modern dayalgeria
37%
bangladesh
37%
yemen
32%
libya
26%

Score Distribution

Percentile by Number Answered

Percent of People with Each Score

Your Score History

You have not taken this quiz